| 000 | 00579nam a2200133Ia 4500 | ||
|---|---|---|---|
| 008 | 160809s9999 xx 000 0 und d | ||
| 100 | _aLaws, Keith R. | ||
| 245 | _aPsychology, replication & beyond | ||
| 245 | _cKeith R. Laws. | ||
| 260 | _bBMC Psychology | ||
| 260 | _c1 June 2016 | ||
| 650 | _xPSYCHOLOGY | ||
| 856 | _uhttp://download.springer.com/static/pdf/388/art%253A10.1186%252Fs40359-016-0135-2.pdf?originUrl=http%3A%2F%2Fbmcpsychology.biomedcentral.com%2Farticle%2F10.1186%2Fs40359-016-0135-2&token2=exp=1469410468~acl=%2Fstatic%2Fpdf%2F388%2Fart%25253A10.1186%25252F | ||
| 999 |
_c300196 _d300196 |
||